000
00340nam a22001457a 4500
008
250808b |||||||| |||| 00| 0 eng d
020
_a
9789356968240
_c
995
040
_a
03
082
_a
610.736 KUM
100
_a
KUMARI MJ
245
_a
ADULT HEALTH NURSING - II
260
_a
DELHI
_b
JAYPEE PUB.
_c
7/8/25
300
_a
524
942
_c
01
999
_c
65897
_d
65897